Migrace: historie a současnost

Obsahové vymedzenie pojmu migrácia. Meniaci sa charakter a smer migrácie. Stimuly pre migráciu. Migrácia a technický pokrok. Úloha Európy v migračných procesoch.

Salvato in:
Dettagli Bibliografici
Autore principale: Uherek, Zdeněk
Natura: Capitolo di libro
Lingua:ceco
Soggetti:
Tags: Aggiungi Tag
Nessun Tag, puoi essere il primo ad aggiungerne!!

MARC

LEADER 00000naa$a2200000$$$4500
001 0001672
005 20231004105918.2
041 0 |a cze 
044 |a CZ 
245 1 0 |a Migrace: historie a současnost  |c aut. Zdeněk Uherek 
520 |a Obsahové vymedzenie pojmu migrácia. Meniaci sa charakter a smer migrácie. Stimuly pre migráciu. Migrácia a technický pokrok. Úloha Európy v migračných procesoch. 
610 2 0 |a migrácia 
610 2 0 |a história 
610 2 0 |a Európa 
610 2 0 |a pokrok technický 
610 2 0 |a priestor pracovný 
610 2 0 |a prostredie ekonomické 
610 2 0 |a politika azylová 
100 1 |a Uherek, Zdeněk